000 00261 a2200121 4500
020 _a983723943
090 _c4464
_d4464
100 _aParag Diwan
245 _aHuman Resource Management
260 _aNew Delhi
300 _a302
942 _aNBS
_cBK
_k658.3 DIW
999 _c346907
_d346907